JACK STALWRT (Record no. 3222)
[ view plain ]
| 000 -LEADER | |
|---|---|
| fixed length control field | 00454nam a22001697a 4500 |
| 020 ## - INTERNATIONAL STANDARD BOOK NUMBER | |
| ISBN | 978-1-862-30474-1 |
| 082 ## - DEWEY DECIMAL CLASSIFICATION NUMBER | |
| Classification number | 823 |
| Item number | HUN/J |
| 100 ## - MAIN ENTRY--AUTHOR NAME | |
| Personal name | HUNT, ELIZABETH SINGER |
| 245 ## - TITLE STATEMENT | |
| Title | JACK STALWRT |
| 246 ## - VARYING FORM OF TITLE | |
| Title proper/short title | THE CAPER OF THE CROWN JEWELS BRITAIN |
| 246 ## - VARYING FORM OF TITLE | |
| Title proper/short title | THE ESCAPE OF THE DEADLY DINOSAURS USA |
| 260 ## - PUBLICATION, DISTRIBUTION, ETC. (IMPRINT) | |
| Place of publication | BRITAIN |
| Name of publisher | CHUBBY CHEEKS PUBLICATIONS LIMITED |
| Year of publication | 2005 |
| 300 ## - PHYSICAL DESCRIPTION | |
| Number of Pages | 105 |
| 520 ## - SUMMARY, ETC. | |
| Summary, etc | SHORT STORY |
| 650 ## - SUBJECT ADDED ENTRY--TOPICAL TERM | |
| Topical Term | SHORT STORY |
| 942 ## - ADDED ENTRY ELEMENTS (KOHA) | |
| Koha item type | Books |
| Withdrawn status | Lost status | Collection code | Home library | Current library | Shelving location | Date acquired | Source of acquisition | Full call number | Accession Number | Koha item type |
|---|---|---|---|---|---|---|---|---|---|---|
| Fiction | Main Library | Main Library | SHELF 4-G FAIRY TALES,COMICS | 19/07/2019 | Purchase | 823 HUN/J | 11412 | Books | ||
| Fiction | Main Library | Main Library | SHELF 4-G FAIRY TALES,COMICS | 28/01/2019 | Purchase | 823 HUN/J | 10728 | Books |